000 01443nam a22004217a 4500
001 926
005 20250218093020.0
020 _a0061554170 (lib. bdg.)
020 _a9780061554155 (pbk.)
020 _a0061554154 (pbk.)
040 _aDLC
_cDLC
_dIG#
_dBTCTA
_dBIB
_dUKM
_dILC
_dJAO
_dDLC
_beng
050 0 0 _aPZ7.G9846
_bMkl 2010
082 0 0 _a378
_222
100 1 _aGutman, Dan.
245 1 0 _aMiss Laney is zany! /
_cDan Gutman ; pictures by Jim Paillot.
250 _aFirst Edition.
260 _aNew York :
_bHarper,
_c2010.
300 _a104 pages :
_billustrations;
_c20 cm.
490 0 _aMy weird school daze ;
_vBook 8
505 _aM
520 _aWhen Ella Mentry School is threatened with closure due to budget cuts, A.J.'s new speech teacher, Miss Laney, comes up with a brilliant, if weird, plan to save the day.
521 1 _a530
_bLexile
521 1 _aM
_bRaz-Plus
650 0 _aTeachers
_vJuvenile fiction.
650 0 _aSpeech therapy
_vJuvenile fiction.
650 0 _aTheater
_vJuvenile fiction.
650 0 _aSchools
_vJuvenile fiction.
650 1 _aTeachers
_vFiction.
650 1 _aSpeech therapy
_vFiction.
650 1 _aTheater
_vFiction.
650 1 _aSchools
_vFiction.
650 1 _aHumorous stories.
655 0 _aHumorous stories.
655 0 _aChildren's stories.
700 1 _aPaillot, Jim,
_eillustrator.
906 _a7
_bcbc
_corignew
_d1
_eecip
_f20
_gy-gencatlg
942 _2ddc
_cBK
_n0
999 _c926
_d926